[Event "Premijer  Liga Crne Gore u sahu za 2015."]
[Site "Bar"]
[Date "2015.10.02"]
[Round "7.1"]
[White "Milanovic, Danilo"]
[Black "Roganovic, Milos"]
[Result "0-1"]
[WhiteElo "2462"]
[BlackElo "2526"]
[PlyCount "60"]
[EventDate "2015.09.26"]

1. d4 Nf6 2. c4 g6 3. Nc3 d5 4. Nf3 Bg7 5. Qb3 dxc4 6. Qxc4 O-O 7. e4 Nc6 8.
Be2 e5 9. d5 Nd4 10. Nxd4 exd4 11. Qxd4 Re8 12. Qd3 b5 13. a3 a5 14. O-O Bb7
15. Bg5 b4 16. axb4 axb4 17. Rxa8 Bxa8 18. Nb5 c6 19. dxc6 Qxd3 20. Bxd3 Bxc6
21. f3 Rb8 22. Rc1 Bxb5 23. Bxb5 Nxe4 24. Be3 Bxb2 25. Rb1 Rxb5 26. Rxb2 Nc3
27. Bd2 Nd5 28. Kf1 b3 29. Ke2 Nb6 30. Kd3 Rd5+ 0-1

[Event "Premijer  Liga Crne Gore u sahu za 2015."]
[Site "Bar"]
[Date "2015.10.02"]
[Round "7.1"]
[White "Simic, Dragisa"]
[Black "Tadic, Branko"]
[Result "1/2-1/2"]
[WhiteElo "2309"]
[BlackElo "2488"]
[PlyCount "37"]
[EventDate "2015.09.26"]

1. e4 c5 2. Nf3 Nf6 3. d3 Nc6 4. g3 g6 5. Bg2 d5 6. Nbd2 Bg7 7. O-O O-O 8. c3
e5 9. Re1 h6 10. Qb3 c4 11. dxc4 dxe4 12. Nxe4 Nxe4 13. Rxe4 f5 14. c5+ Kh8 15.
Rh4 e4 16. Bg5 Qa5 17. Nd4 Qxc5 18. Rd1 Ne5 19. Rxh6+ 1/2-1/2

[Event "Premijer  Liga Crne Gore u sahu za 2015."]
[Site "Bar"]
[Date "2015.10.02"]
[Round "7.1"]
[White "Benderac, Srdjan"]
[Black "Mrsevic, Miroslav"]
[Result "1-0"]
[WhiteElo "2296"]
[BlackElo "2268"]
[PlyCount "77"]
[EventDate "2015.09.26"]

1. e4 d6 2. d4 Nf6 3. Nc3 e5 4. Nf3 Nbd7 5. Bc4 Be7 6. O-O O-O 7. Re1 c6 8. a4
a5 9. h3 Nb6 10. Ba2 Nfd7 11. Be3 exd4 12. Bxd4 Nc5 13. Bxc5 dxc5 14. Qe2 Qd6
15. Nd2 Qg6 16. Kh1 Qh6 17. Nc4 Nxc4 18. Bxc4 Qh4 19. Rad1 Bf6 20. e5 Be7 21.
e6 f5 22. b3 Kh8 23. Kg1 h6 24. Qf3 Qf6 25. Rd3 Re8 26. Qh5 Rf8 27. Qf3 Kh7 28.
Qf4 h5 29. h4 g6 30. g3 Qg7 31. Qc7 f4 32. Ne4 Kg8 33. Ng5 Qf6 34. Rf3 b5 35.
Rxf4 Qg7 36. Rf7 Qc3 37. Rxf8+ Kxf8 38. Qf4+ Bf6 39. e7+ 1-0

[Event "Premijer  Liga Crne Gore u sahu za 2015."]
[Site "Bar"]
[Date "2015.10.02"]
[Round "7.1"]
[White "Vih, Antun"]
[Black "Tomic, Aleksandar"]
[Result "0-1"]
[WhiteElo "2116"]
[BlackElo "2298"]
[PlyCount "98"]
[EventDate "2015.09.26"]

1. Nf3 f5 2. g3 Nf6 3. Bg2 d5 4. d4 c5 5. c4 cxd4 6. cxd5 Qa5+ 7. Qd2 Qxd5 8.
Qxd4 Nc6 9. Qxd5 Nxd5 10. Bd2 Ndb4 11. Bxb4 Nxb4 12. Na3 g6 13. Nb5 Kf7 14. O-O
Bg7 15. Nc7 Rb8 16. a3 Na6 17. Nb5 Bd7 18. Nc3 Bxc3 19. bxc3 Kf6 20. e4 Rhc8
21. e5+ Kg7 22. Rfd1 Ba4 23. Rd4 Nc5 24. Rb1 b6 25. Ng5 h6 26. Ne6+ Nxe6 27.
Rxa4 Rc7 28. Rd1 a5 29. Rb1 Rxc3 30. Rxa5 bxa5 31. Rxb8 Rxa3 32. Rb7 Ra1+ 33.
Bf1 Kf7 34. Kg2 Rc1 35. Bb5 Rc5 36. f4 Rc2+ 37. Kf1 Nd4 38. Ba4 Rxh2 39. Ra7 g5
40. Rxa5 gxf4 41. Rd5 Ne2 42. gxf4 Nxf4 43. Rd4 Ng6 44. Bb3+ Kg7 45. Be6 f4 46.
Bf5 Rh4 47. Re4 Nh8 48. Kg2 Nf7 49. Kg1 e6 0-1

[Event "Premijer  Liga Crne Gore u sahu za 2015."]
[Site "Bar"]
[Date "2015.10.02"]
[Round "7.1"]
[White "Kisic, Bozidar"]
[Black "Cetkovic, Miodrag"]
[Result "1-0"]
[WhiteElo "2173"]
[BlackElo "2136"]
[PlyCount "81"]
[EventDate "2015.09.26"]

1. d4 c5 2. d5 e5 3. e4 d6 4. Nc3 Be7 5. g3 a6 6. a4 Nf6 7. Bg2 O-O 8. Nge2
Nbd7 9. O-O Rb8 10. a5 b5 11. axb6 Nxb6 12. h3 Nfd7 13. f4 Bf6 14. Kh2 Re8 15.
Ra2 Qc7 16. b3 c4 17. f5 cxb3 18. cxb3 Na8 19. Na4 Qb7 20. Rf3 Nc7 21. g4 h6
22. h4 Bxh4 23. Rh3 Bg5 24. Bxg5 hxg5 25. Qc1 f6 26. Qc6 Nb5 27. Nac3 Qxc6 28.
dxc6 Nc5 29. Nd5 Na7 30. b4 Nxc6 31. bxc5 dxc5 32. Nec3 Nb4 33. Rd2 Bb7 34. Bf1
Nxd5 35. exd5 g6 36. fxg6 Kg7 37. Bd3 Rh8 38. Bf5 a5 39. Rxh8 Rxh8+ 40. Kg3 Bc8
41. d6 1-0

[Event "Premijer  Liga Crne Gore u sahu za 2015."]
[Site "Bar"]
[Date "2015.10.02"]
[Round "7.1"]
[White "Ratkovic, Milorad"]
[Black "Lekic, Lazar"]
[Result "1-0"]
[WhiteElo "2134"]
[BlackElo "2037"]
[PlyCount "77"]
[EventDate "2015.09.26"]

1. e4 c5 2. Nf3 e6 3. d4 cxd4 4. Nxd4 a6 5. Nc3 Qc7 6. g3 Bb4 7. Nde2 Nf6 8.
Bg2 Nc6 9. O-O Be7 10. Re1 d6 11. a4 O-O 12. h3 b6 13. Be3 Bb7 14. f4 Rfd8 15.
g4 d5 16. exd5 Nb4 17. Qc1 Nfxd5 18. Nxd5 Bxd5 19. Nc3 Bxg2 20. Kxg2 Bf6 21.
Ra3 Qc6+ 22. Kg3 e5 23. f5 Be7 24. Ra1 h5 25. Re2 Qf6 26. Qg1 Nd5 27. Nxd5 Rxd5
28. Qg2 Qh4+ 29. Kh2 Rad8 30. Bxb6 R8d6 31. Bf2 Qf6 32. Rae1 hxg4 33. Qxg4 Rd2
34. Be3 Rxe2+ 35. Rxe2 Rc6 36. c3 Bc5 37. Bg5 Qd6 38. Rg2 Kf8 39. Rd2 1-0

[Event "Premijer  Liga Crne Gore u sahu za 2015."]
[Site "Bar"]
[Date "2015.10.02"]
[Round "7.3"]
[White "Rapport, Richard"]
[Black "Blagojevic, Dragisa"]
[Result "1/2-1/2"]
[WhiteElo "2649"]
[BlackElo "2486"]
[PlyCount "67"]
[EventDate "2015.09.26"]

1. c4 e6 2. Nf3 d5 3. d4 Nf6 4. Bg5 h6 5. Bxf6 Qxf6 6. Nc3 c6 7. Qb3 a5 8. e4
dxe4 9. Nxe4 Bb4+ 10. Kd1 Qf4 11. Qe3 Qxe3 12. fxe3 Be7 13. c5 O-O 14. Bc4 Nd7
15. Rc1 b6 16. cxb6 Rb8 17. b3 Rxb6 18. Nc3 Rb8 19. Ke2 c5 20. d5 Nb6 21. Ne5
Bf6 22. Nc6 Rb7 23. Nxa5 Ra7 24. Nc6 Ra8 25. a4 Nxc4 26. bxc4 Bd7 27. Ne4 Bxc6
28. dxc6 Rfc8 29. Rhf1 Rxa4 30. Nxf6+ gxf6 31. Rxf6 Ra2+ 32. Kf1 Kg7 33. Rf2
Ra7 34. Rb1 1/2-1/2

[Event "Premijer  Liga Crne Gore u sahu za 2015."]
[Site "Bar"]
[Date "2015.10.02"]
[Round "7.3"]
[White "Potpara, Nikola"]
[Black "Perunovic, Milos"]
[Result "1/2-1/2"]
[WhiteElo "2406"]
[BlackElo "2614"]
[PlyCount "110"]
[EventDate "2015.09.26"]

1. c4 c5 2. g3 Nc6 3. Bg2 g6 4. Nc3 Bg7 5. Nf3 e5 6. O-O d6 7. a3 a5 8. d3 Nge7
9. Bg5 f6 10. Bd2 Be6 11. Qc1 O-O 12. Bh6 Rc8 13. Bxg7 Kxg7 14. Nd2 b6 15. Nd5
Nd4 16. Re1 Nxd5 17. cxd5 Bg4 18. f3 Bd7 19. a4 h5 20. e3 Nf5 21. Nc4 Qc7 22.
f4 Rce8 23. Qd2 Rf7 24. b3 Bc8 25. Be4 Nh6 26. Qc3 h4 27. Rf1 hxg3 28. hxg3 Ng4
29. Kg2 Ba6 30. f5 Rh8 31. Rh1 Rff8 32. fxg6 Bc8 33. Qd2 f5 34. Bf3 Nf6 35. e4
Kxg6 36. Raf1 fxe4 37. Bxe4+ Nxe4 38. dxe4 Qd8 39. Rxf8 Qxf8 40. Rxh8 Qxh8 41.
Nxd6 Qh3+ 42. Kg1 Qxg3+ 43. Qg2 Qxg2+ 44. Kxg2 Bg4 45. Nc4 Bd1 46. Nxe5+ Kf6
47. Nd7+ Ke7 48. Nxb6 Bxb3 49. e5 Bxd5+ 50. Nxd5+ Ke6 51. Nb6 Kxe5 52. Nc4+ Kd4
53. Nxa5 c4 54. Kf2 Kc5 55. Nb7+ Kb6 1/2-1/2

[Event "Premijer  Liga Crne Gore u sahu za 2015."]
[Site "Bar"]
[Date "2015.10.02"]
[Round "7.3"]
[White "Kosic, Dragan"]
[Black "Milanovic, Slavisa"]
[Result "1/2-1/2"]
[WhiteElo "2468"]
[BlackElo "2381"]
[PlyCount "107"]
[EventDate "2015.09.26"]

1. d4 e6 2. Nf3 Nf6 3. e3 b6 4. Bd3 c5 5. O-O Bb7 6. b3 Be7 7. Bb2 cxd4 8. exd4
O-O 9. c4 d5 10. Nc3 Nc6 11. Rc1 Rc8 12. Re1 Re8 13. cxd5 Nxd5 14. Nxd5 Qxd5
15. Be4 Qh5 16. Qe2 Bb4 17. Red1 Bd6 18. h3 Bf4 19. Rc3 h6 20. a3 Rc7 21. Qc2
Rec8 22. d5 Nd8 23. dxe6 Bxe4 24. exf7+ Qxf7 25. Qxe4 Rxc3 26. Bxc3 Qxb3 27.
Rd3 Nf7 28. Be1 Qc2 29. Nd4 Qc1 30. Nf5 Bg5 31. Rd7 Rd8 32. Rxd8+ Nxd8 33. h4
Bf6 34. a4 Qc6 35. Qg4 Kh8 36. Bd2 Qe6 37. h5 a6 38. Qg6 Qf7 39. Nd6 Qd5 40.
Bf4 Qe6 41. g3 Bd4 42. Qc2 Qe1+ 43. Kg2 Ne6 44. Be5 Bxe5 45. Qc8+ Kh7 46. Qxe6
Bc3 47. Ne4 Bb4 48. g4 Qd1 49. Qf5+ Kg8 50. Qe6+ Kh7 51. Qg6+ Kh8 52. Qe8+ Kh7
53. Qg6+ Kh8 54. Qe8+ 1/2-1/2

[Event "Premijer  Liga Crne Gore u sahu za 2015."]
[Site "Bar"]
[Date "2015.10.02"]
[Round "7.3"]
[White "Rajkovic, Dusan"]
[Black "Ivanovic, Bozidar"]
[Result "1/2-1/2"]
[WhiteElo "2367"]
[BlackElo "2410"]
[PlyCount "21"]
[EventDate "2015.09.26"]

1. d4 d5 2. c4 e6 3. Nc3 Nf6 4. Bg5 Be7 5. e3 O-O 6. Nf3 h6 7. Bh4 b6 8. Rc1
Bb7 9. Bxf6 Bxf6 10. cxd5 exd5 11. b4 1/2-1/2

[Event "Premijer  Liga Crne Gore u sahu za 2015."]
[Site "Bar"]
[Date "2015.10.02"]
[Round "7.3"]
[White "Batricevic, Sasa"]
[Black "Bujisic, Vlastimir"]
[Result "1/2-1/2"]
[WhiteElo "2253"]
[BlackElo "2186"]
[PlyCount "92"]
[EventDate "2015.09.26"]

1. e4 e5 2. Nf3 Nf6 3. d4 exd4 4. e5 Ne4 5. Qe2 Nc5 6. Nxd4 Nc6 7. Nxc6 dxc6 8.
Nc3 Qh4 9. g3 Qd4 10. Be3 Qxe5 11. f4 Qe7 12. O-O-O Bd7 13. b4 Na6 14. a3 O-O-O
15. Bxa7 Qf6 16. Qxa6 Qxc3 17. Bd4 Qxc2+ 18. Kxc2 bxa6 19. Bxa6+ Kb8 20. Bc4 f6
21. Kc3 Bd6 22. Rde1 Bh3 23. Bf1 Bxf1 24. Rhxf1 h5 25. h4 Kb7 26. Kc4 Rhe8 27.
Bc3 Rxe1 28. Rxe1 Ra8 29. Bb2 Rg8 30. Re3 Ra8 31. Bd4 Rg8 32. a4 Ra8 33. a5 Rd8
34. Rd3 Be7 35. Rb3 Rd5 36. Re3 Bd6 37. Re1 g5 38. Re6 gxf4 39. gxf4 Rf5 40.
Rxf6 Rxf6 41. Bxf6 Bxf4 42. Be7 Bg3 43. Kd4 Ka6 44. Kc5 Kb7 45. a6+ Kxa6 46.
Kxc6 Ka7 1/2-1/2

[Event "Premijer  Liga Crne Gore u sahu za 2015."]
[Site "Bar"]
[Date "2015.10.02"]
[Round "7.3"]
[White "Krstonijevic, Stjepan"]
[Black "Batricevic, Jovo"]
[Result "1/2-1/2"]
[WhiteElo "2134"]
[BlackElo "2156"]
[PlyCount "58"]
[EventDate "2015.09.26"]

1. d4 d5 2. c4 Nc6 3. Nf3 Bg4 4. cxd5 Bxf3 5. dxc6 Bxc6 6. Nc3 Nf6 7. f3 e6 8.
e4 Bb4 9. Bg5 h6 10. Bh4 a6 11. Bc4 Be7 12. Bf2 O-O 13. O-O b5 14. Bb3 Bb7 15.
Rc1 Rc8 16. Ne2 Nd7 17. Bc2 c5 18. Bb1 cxd4 19. Bxd4 e5 20. Bf2 Bc5 21. Ng3
Bxf2+ 22. Rxf2 Qb6 23. Nf5 Rxc1 24. Qxc1 Rd8 25. Kf1 Nc5 26. Rd2 Ne6 27. Qd1
Rxd2 28. Qxd2 Nd4 29. Nxd4 exd4 1/2-1/2

[Event "Premijer  Liga Crne Gore u sahu za 2015."]
[Site "Bar"]
[Date "2015.10.02"]
[Round "7.4"]
[White "Savic, Miodrag R"]
[Black "Arsovic, Goran"]
[Result "1/2-1/2"]
[WhiteElo "2503"]
[BlackElo "2389"]
[PlyCount "20"]
[EventDate "2015.09.26"]

1. e4 e6 2. d3 d5 3. Nd2 c5 4. Ngf3 Nc6 5. g3 Nf6 6. Bg2 Be7 7. O-O b6 8. Re1
Bb7 9. e5 Nd7 10. Nf1 g5 1/2-1/2

[Event "Premijer  Liga Crne Gore u sahu za 2015."]
[Site "Bar"]
[Date "2015.10.02"]
[Round "7.5"]
[White "Sedlak, Nikola"]
[Black "Bogosavljevic, Boban"]
[Result "1/2-1/2"]
[WhiteElo "2549"]
[BlackElo "2520"]
[PlyCount "25"]
[EventDate "2015.09.26"]

1. d4 Nf6 2. c4 e6 3. Nc3 d5 4. cxd5 exd5 5. Bg5 c6 6. e3 Be7 7. Bd3 Nbd7 8.
Qc2 O-O 9. Nf3 Re8 10. O-O Nf8 11. Rab1 g6 12. b4 a6 13. a4 1/2-1/2

[Event "Premijer  Liga Crne Gore u sahu za 2015."]
[Site "Bar"]
[Date "2015.10.02"]
[Round "7.5"]
[White "Miljkovic, Miroslav D"]
[Black "Drasko, Milan"]
[Result "1-0"]
[WhiteElo "2493"]
[BlackElo "2446"]
[PlyCount "65"]
[EventDate "2015.09.26"]

1. d4 e6 2. c4 Nf6 3. Nc3 Bb4 4. Qc2 O-O 5. e4 d6 6. a3 Bxc3+ 7. bxc3 Nbd7 8.
Bd3 c5 9. Ne2 Qc7 10. Ng3 b5 11. cxb5 a6 12. b6 Qxb6 13. Rb1 Qa7 14. Bf4 e5 15.
dxe5 Nxe5 16. O-O Be6 17. Be2 Rfb8 18. Rfd1 Ne8 19. Nf1 Rb6 20. Ne3 Rab8 21.
Bxe5 dxe5 22. Bc4 Rxb1 23. Rxb1 Nd6 24. Rxb8+ Qxb8 25. Bxa6 c4 26. a4 h6 27.
Bb5 Qb7 28. Qb1 Bd7 29. Qb4 Nxb5 30. axb5 Bxb5 31. h3 Bc6 32. Nxc4 Bxe4 33. Nd6
1-0

[Event "Premijer  Liga Crne Gore u sahu za 2015."]
[Site "Bar"]
[Date "2015.10.02"]
[Round "7.5"]
[White "Lekic, Dusan"]
[Black "Miljanic, Boro"]
[Result "1/2-1/2"]
[WhiteElo "2377"]
[BlackElo "2378"]
[PlyCount "26"]
[EventDate "2015.09.26"]

1. d4 Nf6 2. c4 g6 3. Nf3 Bg7 4. g3 O-O 5. Bg2 d6 6. O-O Nbd7 7. Nc3 e5 8. h3
c6 9. e4 exd4 10. Nxd4 Re8 11. Be3 Nc5 12. Qc2 a5 13. Rad1 Qe7 1/2-1/2

[Event "Premijer  Liga Crne Gore u sahu za 2015."]
[Site "Bar"]
[Date "2015.10.02"]
[Round "7.5"]
[White "Kontic, Djordjije"]
[Black "Draganic, Veljko"]
[Result "1/2-1/2"]
[WhiteElo "2314"]
[BlackElo "2375"]
[PlyCount "22"]
[EventDate "2015.09.26"]

1. e4 c6 2. d4 d5 3. Nd2 dxe4 4. Nxe4 Bf5 5. Ng3 Bg6 6. Nf3 Nd7 7. h4 h6 8. h5
Bh7 9. Bd3 Bxd3 10. Qxd3 e6 11. Bf4 Ngf6 1/2-1/2

[Event "Premijer  Liga Crne Gore u sahu za 2015."]
[Site "Bar"]
[Date "2015.10.02"]
[Round "7.5"]
[White "Todorovic, Jovan"]
[Black "Milovic, Jovan"]
[Result "1-0"]
[WhiteElo "2394"]
[BlackElo "2338"]
[PlyCount "67"]
[EventDate "2015.09.26"]

1. e4 g6 2. d4 Bg7 3. Nc3 c6 4. f4 d5 5. e5 Nh6 6. Nf3 O-O 7. Be3 b5 8. h3 Nd7
9. g4 Nb6 10. b3 f6 11. Bg2 Nf7 12. Qd2 Rb8 13. O-O f5 14. g5 Ba6 15. Rfc1 Qc8
16. a4 Nd8 17. Ne1 h6 18. axb5 cxb5 19. gxh6 Bxh6 20. Nxd5 Nxd5 21. Bxd5+ Kh7
22. Bg2 Ne6 23. d5 Ng7 24. Kh2 Nh5 25. Bf3 Rg8 26. Nd3 e6 27. Nb4 Bb7 28. Rxa7
Nxf4 29. Bxf4 Qc5 30. Rxb7+ Rxb7 31. Nd3 Qd4 32. Bxh6 g5 33. Bxg5 Rbg7 34. Qf4
1-0

[Event "Premijer  Liga Crne Gore u sahu za 2015."]
[Site "Bar"]
[Date "2015.10.02"]
[Round "7.5"]
[White "Milovic, Aleksandra"]
[Black "Popadic, Dragan"]
[Result "1-0"]
[WhiteElo "2194"]
[BlackElo "2203"]
[PlyCount "139"]
[EventDate "2015.09.26"]

1. e4 d6 2. d4 g6 3. Nc3 Bg7 4. Bg5 a6 5. h4 h5 6. Be2 Nd7 7. Nf3 b5 8. a4 b4
9. Nd5 a5 10. O-O Ngf6 11. Bxf6 Nxf6 12. Nxf6+ Bxf6 13. e5 Bg7 14. Bb5+ Kf8 15.
Ng5 Bh6 16. Qf3 Bf5 17. Bd3 Bxg5 18. Bxf5 gxf5 19. hxg5 e6 20. exd6 cxd6 21. d5
Ra7 22. g6 Qf6 23. gxf7 e5 24. c4 Rc7 25. Rac1 Rc5 26. g3 h4 27. Kg2 h3+ 28.
Kh2 Kxf7 29. b3 Qg6 30. Rce1 Kg7 31. Rg1 Rh6 32. Qe2 Kf7 33. f4 e4 34. g4 Rh4
35. gxf5 Qxf5 36. Qxe4 Qxf4+ 37. Qxf4+ Rxf4 38. Rgf1 Rxf1 39. Rxf1+ Ke7 40.
Re1+ Kd7 41. Rg1 Ke7 42. Kxh3 Rc8 43. Rg6 Rf8 44. Kg4 Rf1 45. Kg5 Rg1+ 46. Kh6
Rb1 47. Rg3 Rc1 48. Kg5 Rb1 49. Rh3 Rg1+ 50. Kf5 Rf1+ 51. Ke4 Re1+ 52. Kd3 Rb1
53. Rh7+ Kf6 54. Rd7 Ke5 55. Re7+ Kf4 56. Kc2 Rh1 57. Re6 Rh2+ 58. Kd3 Rh3+ 59.
Kd4 Rxb3 60. Rxd6 Rb1 61. Rf6+ Kg5 62. Rb6 Kf5 63. c5 b3 64. c6 Rd1+ 65. Kc5
Ke5 66. Rxb3 Rc1+ 67. Kb6 Kxd5 68. c7 Kd6 69. Rd3+ Ke7 70. Rd8 1-0